Score 0/28 Timer 06:00
0 Plays Today
Name Answer % Correct
Hillary ClintonBill Clinton
96.1%
Donald TrumpNew York, New York
93.9%
Hillary ClintonChappaqua, New York
93.7%
Donald TrumpNew York
93.6%
Hillary ClintonDemocratic
92.6%
Donald TrumpRepublican
91.5%
Donald TrumpDonald Trump Jr., Ivanka Trump...
87.7%
Donald TrumpMike Pence
86.3%
Hillary ClintonUnited Methodist
86%
Donald TrumpMake America Great Again
84.9%
Hillary ClintonChelsea Clinton
83.8%
Donald TrumpMelania Trump
83.3%
Hillary ClintonBernie Sanders
82.2%
Donald TrumpPresbyterian
80.2%
Name Answer % Correct
Donald TrumpTed Cruz
72.9%
Donald Trump1946
72.4%
Hillary Clinton1947
71%
Hillary ClintonTim Kaine
68.9%
Hillary ClintonStronger Together/I'm With Her
58.1%
Hillary ClintonIllinois
55.6%
Donald TrumpJohn
55.1%
Donald TrumpUniversity of Pennsylvania
42.9%
Donald TrumpGemini
29.5%
Hillary ClintonScorpio
26.4%
Hillary ClintonWellesley College
20.8%
Hillary ClintonDiane
12.2%
Donald TrumpMogul
7.3%
Hillary ClintonEvergreen
5.9%

You're not logged in!

Compare scores with friends on all Sporcle quizzes.
OR
Log In

Sporcle TV

Today on Sporcle TV


Watch our educational content, quiz creation guides, and fun videos on Sporcle TV.

Show Comments

Extras

Top Quizzes Today


Score Distribution

Your Account Isn't Verified!

In order to create a playlist on Sporcle, you need to verify the email address you used during registration. Go to your Sporcle Settings to finish the process.

Report this User

Report this user for behavior that violates our Community Guidelines.

Details: